[Event "GBR-ch Major 105th"]
[Site "Hull"]
[Date "2018.08.05"]
[Round "9"]
[White "Forster, Matthew"]
[Black "Ruane, Brendan J"]
[Result "0-1"]
[WhiteElo "1940"]
[BlackElo "1868"]
[PlyCount "80"]
[EventDate "2018.07.28"]
[EventType "swiss"]
[EventRounds "9"]
[EventCountry "ENG"]
[SourceTitle "EXT 2019"]
[Source "ChessBase"]
[SourceDate "2018.10.10"]
[SourceVersion "1"]
[SourceVersionDate "2018.10.10"]
[SourceQuality "1"]

1. g3 c5 2. c4 g6 3. Bg2 Nc6 4. Nc3 Bg7 5. e3 e6 6. Nge2 h5 7. d4 h4 8. Nb5 cxd4 9. exd4 Nh6 10. Nd6+ Kf8 11. Bf4 Nf5 12. Nxf5 gxf5 13. Bd6+ Kg8 14. Qd2 Qa5 15. b4 Qb6 16. h3 hxg3 17. fxg3 Bh6 18. Qc3 Qd8 19. a4 Bf8 20. Bxf8 Qxf8 21. b5 Ne7 22. Nf4 Qg7 23. Kf2 Rb8 24. Rag1 b6 25. Qe3 Kf8 26. g4 fxg4 27. hxg4 Rxh1 28. Rxh1 Bb7 29. Be4 Bxe4 30. Qxe4 Qxg4 31. Rg1 Qh4+ 32. Ke2 Qh2+ 33. Rg2 Qh8 34. Rg3 Nf5 35. Rh3 Qxh3 36. Qe5 Qe3+ 37. Qxe3 Nxe3 38. Kxe3 Rc8 39. Kd3 Ke7 40. Kc3 d5 0-1

[Event "GBR-ch Major 105th"]
[Site "Hull"]
[Date "2018.08.03"]
[Round "7"]
[White "Nelson, Omowale"]
[Black "Forster, Matthew"]
[Result "1-0"]
[WhiteElo "1966"]
[BlackElo "1940"]
[PlyCount "119"]
[EventDate "2018.07.28"]
[EventType "swiss"]
[EventRounds "9"]
[EventCountry "ENG"]
[SourceTitle "CBM 185 Extra"]
[Source "ChessBase"]
[SourceDate "2018.07.29"]
[SourceVersion "1"]
[SourceVersionDate "2018.07.29"]
[SourceQuality "1"]

1. d4 d5 2. c4 dxc4 3. Nf3 Nf6 4. e3 Bg4 5. Bxc4 e6 6. 0-0 a6 7. h3 Bh5 8. Nc3 c5 9. Be2 cxd4 10. Nxd4 Bxe2 11. Qxe2 Nc6 12. Nxc6 bxc6 13. e4 Be7 14. Be3 0-0 15. Qc4 Qc7 16. Na4 Rfb8 17. a3 Rb5 18. f4 Rab8 19. Rac1 a5 20. Rc3 h6 21. Rd1 c5 22. Bc1 Qc6 23. e5 Nd5 24. Rg3 Bf8 25. f5 Kh8 26. fxe6 fxe6 27. Qg4 Rb3 28. Nc3 Nxc3 29. bxc3 Rb1 30. Kh2 Qc7 31. Qxe6 Qe7 32. Qd5 g5 33. Qd6 Qxd6 34. exd6 Rxc1 35. Rxc1 Bxd6 36. Rd1 Bxg3+ 37. Kxg3 Rb3 38. Kg4 Rxc3 39. Kh5 Kg7 40. Rd6 Rc4 41. Rg6+ Kf7 42. Kxh6 g4 43. hxg4 Rc2 44. g5 Rxg2 45. Rf6+ Kg8 46. Ra6 c4 47. Rxa5 c3 48. Rc5 c2 49. Kg6 Kf8 50. a4 Rd2 51. a5 Rd6+ 52. Kh7 Rd7+ 53. Kh6 Rd6+ 54. g6 Rd2 55. Rc8+ Ke7 56. a6 Rd6 57. a7 Ra6 58. Rxc2 Rxa7 59. g7 Ra1 60. g8Q 1-0

[Event "GBR-ch Major 105th"]
[Site "Hull"]
[Date "2018.07.29"]
[Round "2"]
[White "Forster, Matthew"]
[Black "Stoyanov, Viktor"]
[Result "0-1"]
[WhiteElo "1940"]
[BlackElo "2177"]
[PlyCount "50"]
[EventDate "2018.07.28"]
[EventType "swiss"]
[EventRounds "9"]
[EventCountry "ENG"]
[SourceTitle "CBM 185 Extra"]
[Source "ChessBase"]
[SourceDate "2018.07.29"]
[SourceVersion "1"]
[SourceVersionDate "2018.07.29"]
[SourceQuality "1"]

1. c4 Nf6 2. g3 g6 3. Bg2 Bg7 4. Nc3 0-0 5. Rb1 a5 6. a3 d6 7. b4 axb4 8. axb4 e5 9. d3 Re8 10. Bb2 c6 11. Qb3 Be6 12. e4 Nbd7 13. Nf3 h6 14. 0-0 b5 15. Nd2 Nb6 16. f4 exf4 17. gxf4 bxc4 18. dxc4 Ng4 19. f5 Bd4+ 20. Kh1 Bxc4 21. Nxc4 Qh4 22. Bh3 Qxh3 23. Qc2 Nxc4 24. fxg6 fxg6 25. Nd1 Qxf1# 0-1

[Event "Glorney Cup"]
[Site "Paisley"]
[Date "2018.07.17"]
[Round "4.2"]
[White "Forster, Matthew"]
[Black "Carroll, Peter"]
[Result "1-0"]
[WhiteElo "1940"]
[BlackElo "1742"]
[PlyCount "93"]
[EventDate "2018.07.16"]
[EventType "team-tourn"]
[EventRounds "5"]
[EventCountry "SCO"]
[SourceTitle "EXT 2021"]
[Source "ChessBase"]
[SourceDate "2020.10.23"]
[SourceVersion "1"]
[SourceVersionDate "2020.10.23"]
[SourceQuality "1"]
[WhiteTeam "England U18"]
[BlackTeam "Ireland U18"]
[WhiteTeamCountry "ENG"]
[BlackTeamCountry "IRL"]

1. c4 e5 2. g3 Nc6 3. Nc3 f5 4. Nf3 e4 5. Nh4 d6 6. Ng2 Nf6 7. d4 d5 8. c5 b6 9. b4 a5 10. Qa4 Bd7 11. b5 Ne7 12. c6 Be6 13. Nf4 Bf7 14. h4 Nh5 15. a3 Nxf4 16. Bxf4 Ng6 17. Bd2 Ne7 18. Bg2 Ng8 19. f3 Nf6 20. fxe4 fxe4 21. Bh3 Bd6 22. Rg1 0-0 23. Qc2 Nh5 24. Bg5 Be7 25. Be3 Nxg3 26. Kd2 Bxh4 27. Rg2 Nh5 28. Rag1 Bf6 29. Bg4 Qd6 30. Qa2 Rad8 31. Bxh5 Bxh5 32. Nxe4 Qe6 33. Nxf6+ Qxf6 34. Qa1 Rde8 35. Rxg7+ Qxg7 36. Rxg7+ Kxg7 37. Qg1+ Bg6 38. Qh2 Rf7 39. Bf4 Ree7 40. Qh6+ Kg8 41. Qg5 Kf8 42. e3 Be4 43. Qg4 Rf6 44. Qc8+ Re8 45. Qxc7 Rg6 46. Qd7 Rg2+ 47. Ke1 1-0

[Event "Glorney Cup"]
[Site "Paisley"]
[Date "2018.07.16"]
[Round "2.7"]
[White "Baselmans, Luuk"]
[Black "Forster, Matthew"]
[Result "1-0"]
[WhiteElo "2082"]
[BlackElo "1940"]
[PlyCount "85"]
[EventDate "2018.07.16"]
[EventType "team-tourn"]
[EventRounds "5"]
[EventCountry "SCO"]
[SourceTitle "EXT 2021"]
[Source "ChessBase"]
[SourceDate "2020.10.23"]
[SourceVersion "1"]
[SourceVersionDate "2020.10.23"]
[SourceQuality "1"]
[WhiteTeam "Netherlands U18"]
[BlackTeam "England U18"]
[WhiteTeamCountry "NED"]
[BlackTeamCountry "ENG"]

1. e4 c5 2. Nf3 g6 3. c3 d5 4. exd5 Qxd5 5. d4 Bg7 6. Na3 cxd4 7. Bc4 Qe4+ 8. Be3 Nh6 9. Nb5 0-0 10. cxd4 Nc6 11. Nc3 Qf5 12. 0-0 Qh5 13. h3 Nf5 14. Qd2 Nxe3 15. fxe3 Bh6 16. Qf2 g5 17. d5 Nd8 18. e4 Kh8 19. Nd4 g4 20. Be2 Qg6 21. Bxg4 Bxg4 22. hxg4 e6 23. Qf3 Rg8 24. Rad1 Qxg4 25. Qxg4 Be3+ 26. Kh2 Rxg4 27. Rf3 Bg5 28. g3 a6 29. dxe6 Nxe6 30. Rxf7 Nc5 31. Nf5 h5 32. b4 Ne6 33. Rdd7 Nf8 34. Rxb7 Bd2 35. Nd5 Bg5 36. e5 Rc8 37. Nf6 Bxf6 38. exf6 Rc2+ 39. Kh3 Ne6 40. Rh7+ Kg8 41. Nh6+ Kf8 42. Rh8+ Rg8 43. Rxg8# 1-0

[Event "Glorney Cup"]
[Site "Paisley"]
[Date "2018.07.16"]
[Round "1.7"]
[White "Forster, Matthew"]
[Black "Camp, Imogen AL"]
[Result "1/2-1/2"]
[WhiteElo "1940"]
[BlackElo "1874"]
[PlyCount "116"]
[EventDate "2018.07.16"]
[EventType "team-tourn"]
[EventRounds "5"]
[EventCountry "SCO"]
[SourceTitle "EXT 2021"]
[Source "ChessBase"]
[SourceDate "2020.10.23"]
[SourceVersion "1"]
[SourceVersionDate "2020.10.23"]
[SourceQuality "1"]
[WhiteTeam "England U18"]
[BlackTeam "Wales"]
[WhiteTeamCountry "ENG"]
[BlackTeamCountry "WLS"]

1. c4 e6 2. g3 d5 3. Bg2 Nf6 4. Nf3 dxc4 5. Qa4+ Nbd7 6. Qxc4 a6 7. d4 b5 8. Qc2 Bb7 9. 0-0 c5 10. b3 Qb6 11. e3 Rc8 12. Qb2 Be7 13. Nbd2 0-0 14. a4 cxd4 15. Qxd4 Bc5 16. Qh4 Nd5 17. Bb2 Be7 18. Qd4 Qxd4 19. Nxd4 b4 20. Nc4 Ba8 21. Rac1 Nc5 22. Bxd5 Bxd5 23. Nb6 Rc7 24. Nxd5 exd5 25. Nf5 Bf6 26. Bxf6 gxf6 27. Rfd1 Ne6 28. Rxc7 Nxc7 29. Rd4 a5 30. Ne7+ Kg7 31. Nxd5 Nxd5 32. Rxd5 Rc8 33. Rxa5 Rc3 34. Rb5 Rxb3 35. a5 Ra3 36. Rxb4 Rxa5 37. Rg4+ Kf8 38. Kg2 h5 39. Rd4 Kg7 40. Rd2 Kg6 41. e4 Re5 42. f3 Ra5 43. Rd5 Ra2+ 44. Kh3 Re2 45. Rd6 Kg7 46. Rd1 Kg6 47. Rd4 Kg7 48. g4 hxg4+ 49. fxg4 Kg6 50. Kg3 Re3+ 51. Kf4 Rh3 52. Rd2 Kg7 53. Rg2 Kh6 54. e5 fxe5+ 55. Kxe5 Kg5 56. Ke4 Rh4 57. Kf3 Rh3+ 58. Ke4 Rh4 1/2-1/2

[Event "BCF-chT2 1718 (4NCL) Demotion pool"]
[Site "England"]
[Date "2018.05.06"]
[Round "10.73"]
[White "Byway, Paul V"]
[Black "Forster, Matthew"]
[Result "1/2-1/2"]
[WhiteElo "2056"]
[BlackElo "2177"]
[PlyCount "31"]
[EventDate "2017.11.11"]
[EventType "team-tourn"]
[EventRounds "11"]
[EventCountry "ENG"]
[SourceTitle "EXT 2020"]
[Source "ChessBase"]
[SourceDate "2019.10.17"]
[SourceVersion "1"]
[SourceVersionDate "2019.10.17"]
[SourceQuality "1"]
[WhiteTeam "Poisoned Pawns"]
[BlackTeam "Sussex Martlets"]
[WhiteTeamCountry "ENG"]
[BlackTeamCountry "ENG"]

1. Nf3 c5 2. c4 Nc6 3. e3 Nf6 4. Nc3 g6 5. d4 cxd4 6. exd4 d6 7. Be2 Bg7 8. 0-0 0-0 9. h3 d5 10. Be3 b6 11. Ne5 Bb7 12. Bf3 e6 13. cxd5 Nxd5 14. Nxd5 exd5 15. Nxc6 Bxc6 16. Qd2 1/2-1/2